| 000 | 01643nam0a2200385 4500 | ||
|---|---|---|---|
| 001 | RU\NLR\bibl\867268 | ||
| 005 | 20260405082850.0 | ||
| 010 | _a5-05-005557-1 | ||
| 021 |
_aRU _b2005-62800 _93083 |
||
| 035 | _a(NLR Aleph) 000855909 | ||
| 090 |
_a1509385 _c1509385 |
||
| 100 | _a20051107d2005 |||y0rusy50 ca | ||
| 101 | 0 |
_arus _afre |
|
| 102 |
_aRU _aFR |
||
| 105 | _aa ||||||||| | ||
| 200 | 1 |
_aТайная ода _fИгорь Кузнецов _g[пер. Ирины Олеховой _gрис. Лидии Коган и Натали Кузнецовой] |
|
| 210 |
_aМосква _aПариж _c[Радуга] _d2005 (печ. 2004) |
||
| 215 |
_a407 с. _cил. _d14 |
||
| 225 | 1 | _aПуть к совершенству | |
| 300 | _aТекст парал. на фр. и рус. яз. | ||
| 320 | _aНа 4-й с. обл. др. произведения авт. | ||
| 327 | 1 | _aСодерж.: Разд.: Из кн. "Любовь моя болит"; Из кн. "Светотени"; Из кн. "Ненависть и бездна"; Наталики | |
| 686 | _aШ6(2=Р)75-44 | ||
| 686 | _aШ6(2=Р)77фр. | ||
| 700 | 1 |
_4070 _8rus _7ca _aКузнецов _bИ. В. _cписатель _f1951- _gИгорь Владимирович _3RU\NLR\AUTH\7729442 _912471 |
|
| 702 | 1 |
_aКоган _bЛ. _gЛидия _4440 |
|
| 702 | 1 |
_aКузнецова _bН. _gНатали _4440 |
|
| 801 | 0 |
_aRU _bNLR _c20051107 _grcr |
|
| 801 | 1 |
_aRU _bNLR _c20051107 |
|
| 942 | _cBOOK | ||
| 980 | _aNB | ||